[Event "Tata Steel Masters"]
[Site "?"]
[Date "2021.01.16"]
[Round "1.1"]
[White "Carlsen, Magnus"]
[Black "Firouzja, Alireza"]
[Result "1-0"]
[WhiteElo "2862"]
[BlackElo "2749"]
[EventDate "2021.??.??"]
[Annotator "Bojkov,Dejan"]
[PlyCount "79"]
[Beauty "7701954043442"]
[EventType "team-tourn"]

1.d4 Nf6 2.c4 e6 3.Nf3 d5 4.Nc3 Nbd7 5.Bg5 h6 6.Bh4 Be7 {The QGD specialists Kramnik and Short often used this line, which means it cannot be bad for Black.} 7.cxd5 ( {It was great to see the return at least in online games of two living chess legends in the following game last year:} 7.e3 O-O 8.Bd3 c5 9.cxd5 Nxd5 10.Bxe7 Nxe7 11.O-O b6 12.Be4 Rb8 13.Rc1 Ba6 14.Re1 cxd4 15.Nxd4 Nc5 {when Black did not have any problems out of the opening in Lautier,J (2658) -Kramnik,V (2753) Chess.com 2020} ) 7...Nxd5 8.Bxe7 Qxe7 9.e4 {Now after the knight trade...} ( 9.Rc1 $5 ) 9...Nxc3 10.bxc3 O-O {...the position is similar to the Neo-Tarrasch Defense. It should be noted though that Carlsen has a lot of remarkable wins in this pawn structure (although he typically gets it from the Grunfeld Defense.)} 11.Bd3 c5 12.O-O cxd4 13.cxd4 b6 14.a4 $146 {A logical novelty. White frees himself of the isolated pawn and creates a weakness for the opponent instead.} ( {An earlier game saw White trading way too many pieces after} 14.Rc1 Nf6 15.Qe2 Bb7 16.Rfd1 Rac8 17.h3 Rfd8 18.Rxc8 Rxc8 19.e5 Nd5 20.Qe4 g6 21.Qg4 Kg7 22.Nh4 Qg5 23.Qxg5 hxg5 {Obolentseva,A (2324)-Girya,O (2456) Moscow 2019} ) 14...Bb7 15.a5 bxa5 16.Rxa5 Nf6 17.Re1 Rfd8 18.Qa1 {The world champion puts pressure on the queenside, but in reality he is waiting for a good moment to strike in the center.} 18...Qc7 $1 {A cool move by Firouzja. The pawn is not in danger.} 19.h3 ( {After} 19.Rxa7 Rxa7 20.Qxa7 {Black would regain it with a draw after} 20...Ra8 21.Qc5 Qxc5 22.dxc5 Rc8 ) 19...a6 20.Rc5 {Before doing anything concrete in the center, Carlsen tries a couple of other ideas.} ( {The breakthrough is already possible:} 20.d5 exd5 21.e5 Ne4 22.Nd4 {with compensation for the pawn, but the world champion waits for a better moment.} ) 20...Qf4 21.Re5 {Intending to trap the queen with g2-g3.} 21...Nd7 22.Ra5 Nf6 {Not much progress here. Then it is time for the standard break:} 23.d5 $1 exd5 24.e5 {The point behind the sacrifice. Diagonals and files are opened for the white pieces, as well as a fabulous outpost in the center.} 24...Ne4 {This diagonal should be locked.} 25.Qd4 {That is the difference with the similar line from above. Carlsen wants to gain a few tempi chasing the enemy queen backwards.} 25...Rdc8 {So far, Firouzja has defended well and now he threatens to swap a pair of rooks with Rc8-c1.} 26.Raa1 ( {Instead, White could have set a trap with} 26.Bf1 {since then} 26...Rc1 $2 {drops material due to} ( {However, Black can repeat the moves with} 26...Qf5 27.Bd3 Qf4 ) 27.g3 ) 26...a5 27.Rab1 Bc6 {Firouzja wants to keep his extra pawn.} ( {However, a more cautious player, like Peter Leko or Tigran Petrosian, might have chosen the relieving} 27...Ba6 $5 {Black gives back the pawn but successfully dries the game after} 28.Bxa6 Rxa6 29.Qxd5 Nc3 ( 29...Ng5 $5 {in order to swap the knights also makes perfect sense.} ) 30.Qd7 Qc4 31.Rb7 Qe6 {with a likely draw.} ) 28.e6 $1 {Carlsen is not shy to sacrifice a second pawn in return for another fabulous outpost and more initiative!} 28...fxe6 29.Ne5 Qf6 30.f3 ( {Apparently, White did not sacrifice a couple of pawns only to chicken out and go into defense after} 30.Bxe4 dxe4 31.Nxc6 Rxc6 32.Qxe4 Rca6 33.Ra1 ) 30...Ng5 31.Rb6 {Pushing the black pieces even further.} 31...Be8 32.Qe3 $1 {The most dangerous move for the second player.} ( {The more forcing option} 32.f4 Ne4 33.f5 {allows Black a chance to trade the queens with} ( {Once again} 33.Bxe4 dxe4 34.Qxe4 a4 {makes little sense for White.} ) 33...Qe7 $1 34.fxe6 ( {Or} 34.Rxe6 Qa7 $1 ( {But beware of the trap} 34...Qc5 $2 35.Rxe4 $1 dxe4 36.Rxe8+ $1 ) ) 34...Qc5 {and Black is safe.} ) 32...a4 {If you do not know what to do, why not promote a new queen?} ( {Instead:} 32...Nf7 {is not solidifying the position. It only helps White after} 33.Ng4 Qc3 34.Rxe6 ) 33.Ng4 Qd8 $1 {As expected, the machine is not impressed by White's play so far and promises a large advantage for the second player. Until Carlsen captures the pawn:} ( {Instead:} 33...Qe7 {would have forced Black into gloomy defense with} 34.h4 Nf7 35.Rxe6 {As:} 35...Qxh4 $4 {loses on the spot:} ( {Therefore, the ugly} 35...Qf8 {should be played, but White is definitely happier here.} ) 36.Rxe8+ Rxe8 37.Qxe8+ Rxe8 38.Rxe8# ) 34.Rxe6 $1 {Then all is re-evaluated...} ( {Now} 34.h4 {is not possible due to} 34...d4 35.Qf4 Nh3+ 36.gxh3 Qxb6 ) 34...Nxe6 35.Qxe6+ Bf7 {An automatic defense and a human instinct to bring more defenders around the king that loses on the spot!} ( {The only defense is} 35...Kh8 $1 {The point is that after} 36.Nxh6 {Black is not forced to take and has a chance to organize his defenders with} 36...Bh5 $3 37.Ng4 ( {Or else the pin saves the day after} 37.Re5 Rc1+ 38.Kh2 Qc7 ) 37...Qf8 {It seems as White has nothing better than} 38.Re5 {when Black even has a choice to go for the risky double-edged position with} 38...Rc1+ ( {Or he can practically force a draw instead with} 38...Qf7 39.Rxh5+ Qxh5 40.Ne5 Re8 {when White has a choice of perpetual checks but nothing more:} 41.Ng6+ ( {Or} 41.Nf7+ Kg8 42.Nh6+ Kh8 43.Nf7+ ) 41...Kh7 42.Nf4+ Kh8 ) 39.Kf2 Qf7 {and anything can still happen.} ) 36.Nxh6+ $1 {Of course!} 36...gxh6 37.Qxh6 {The light-squared bishop stands on the road of the black pieces and, therefore, he cannot survive.} 37...Qc7 {After this, mate is inevitable.} ( {More resilient is} 37...Rc7 38.Re5 Be8 39.Rg5+ Qxg5 40.Qxg5+ Kf8 {Although here too White should win, for instance after} 41.Qf4+ Rf7 42.Qd6+ Re7 43.Qf6+ Rf7 44.Qh8+ Ke7 45.Qe5+ Kf8 46.Qxd5 ) 38.Qh7+ Kf8 39.Qh8+ Bg8 40.Qh6+ {And Firouzja resigned, not waiting for the mate.} ( 40.Qh6+ Qg7 41.Qd6+ Kf7 42.Qe7# ) 1-0

[Event "Tata Steel Masters"]
[Site "?"]
[Date "2021.01.19"]
[Round "4.7"]
[White "Tari, Aryan"]
[Black "Firouzja, Alireza"]
[Result "1/2-1/2"]
[WhiteElo "2625"]
[BlackElo "2749"]
[EventDate "2021.??.??"]
[Annotator "Bojkov,Dejan"]
[PlyCount "59"]
[Beauty "6602438520895"]
[EventType "team-tourn"]

1.e4 c6 2.d4 d5 3.e5 Bf5 4.Nf3 e6 5.Be2 Ne7 6.c3 ( {Firouzja also faced} 6.O-O h6 7.a4 Nd7 8.a5 Qc7 9.c3 g5 10.b4 Bg7 11.Nbd2 O-O 12.Nb3 f6 13.exf6 Bxf6 14.Nc5 Ng6 {as in Grischuk,A (2777)-Firouzja,A (2749) Online 2020} ) 6...Ng6 7.O-O Nd7 8.Ne1 {Probably the most important maneuver in the Advance Caro-Kann. White is ready to bring his pawns into motion.} 8...h5 9.Be3 Qb6 10.b3 f6 $1 $146 {A sharp novelty by the young prodigy. Black sacrifices a pawn but destroys the enemy center.} ( {An earlier game saw a quick draw after} 10...h4 11.Nd3 ( {However,} 11.a4 $5 {might have been an improvement for White.} ) 11...c5 12.dxc5 Qc7 13.b4 Ngxe5 14.Nxe5 Qxe5 15.Bd4 Qc7 16.c4 dxc4 17.Bxc4 h3 18.g3 Qc6 19.f3 {1/2-1/2 (19) Khairullin,I (2543)-Grigoriants,S (2582) Moscow 2006} ) 11.Bxh5 {Principled.} 11...fxe5 12.g4 {Sharp and risky play by Tari in return.} ( {More solid looks} 12.Bxg6+ Bxg6 13.dxe5 {although then after} 13...Qd8 $1 14.Nf3 Bh5 {White has problems with his pinned knight, True, he can slowly defend it and free the queen with, say:} 15.Bf4 Be7 16.Nbd2 O-O 17.Bg3 {but Black should have a lot for the pawn after something like} 17...Qe8 {followed by Qe8-g6. Two bishops, strong center, and open files and diagonals should suffice.} ) 12...Rxh5 $1 {The only move.} ( 12...Be4 13.Nd2 {would lose a lot of material.} ) 13.gxh5 Nf4 {The pawn sacrifice transformed into an exchange sacrifice. The permanently weakened white king, and especially the weak light squares around it, promise Firouzja a long-lasting initiative. An important detail is that both players started to think on their own immediately after the novelty.} 14.dxe5 ( {After} 14.Bxf4 exf4 15.Nf3 {Black has a lot of excellent options:} ( {Or} 15.Qf3 Bd6 ) 15...Qd8 {in order to bring the queen on f6 is the computer's first choice.} ( {Although normal developing moves like} 15...Nf6 ) ( {Or} 15...Be7 {should be good for Black as well.} ) ) 14...Nh3+ 15.Kg2 ( 15.Kh1 {is weaker as it defends neither the f2-pawn nor the f1-rook, and a line like this:} 15...Bc5 16.Bxc5 Nxc5 17.Qd4 Qa6 {will expose those flaws.} ) 15...c5 {Black opens the long diagonal and intends to profit from the light squares as soon as possible.} ( {Although} 15...Bc5 $5 {is also interesting with a strong position for the second player after, say:} 16.Bxc5 Qxc5 17.Qd4 Qe7 18.f4 O-O-O {followed by a kingside attack.} ) 16.f4 Qc6 17.Nf3 {Tari correctly finishes his development and shields the king.} ( {Black's only problem could be the knight on the rim. However, an instant operation to surround it} 17.Kg3 O-O-O 18.Nf3 Be7 19.Nh4 $2 {would be overly optimistic. No wonder that Black has a way to exploit it:} 19...Bxh4+ 20.Kxh4 {And a brilliant one:} 20...d4 $1 21.cxd4 g5+ $3 22.fxg5 Qe4+ {winning.} ) 17...O-O-O 18.Nbd2 {Both sides have almost completed development; it is time to place the pieces more concretely.} 18...Nb6 $1 {A very smart idea that intends d5-d4 followed by the Nb6-d5! jump.} ( {Black could have prepared the advance with the prophylactic move} 18...Kb8 {although then White can also do something similar, like} 19.Kg3 $5 Be7 20.Rc1 {True, Black's position looks more promising after} ( {We already know what happens in case of} 20.Nh4 Bxh4+ 21.Kxh4 d4 $1 ) 20...Rg8 {here too.} ) 19.Qe1 ( {Another way to chase the knight on h3 could be} 19.Kg3 Be7 20.Ng5 {Not winning, but at least getting rid of the intruder. But then his brother would have joined in:} 20...Nxg5 21.fxg5 d4 22.cxd4 Nd5 23.Nc4 b5 {and this mess once again looks promising for Black.} ) 19...Be7 {Final preparation.} ( {However,} 19...d4 $1 {would have been even more promising:} 20.cxd4 Nd5 21.Rc1 Nhxf4+ 22.Bxf4 Nxf4+ 23.Kh1 Nd3 {with an edge for Black.} ) 20.Rc1 {Tari adds more and more pressure on the c-file in vain, trying to prevent the central breakthrough.} ( {It makes sense, however, to step away from the possible checks with} 20.Kh1 $5 {Then a sample line runs} 20...d4 21.cxd4 Nd5 22.Nc4 Nhxf4 23.Bxf4 Nxf4 24.Nd6+ Bxd6 25.exd6 Rxd6 26.Qe5 Rxd4 {when it is unclear.} ) 20...d4 $1 {Firouzja's powerful and logical play is impressive.} 21.cxd4 Nd5 22.Nc4 {Now Tari steps on the edge.} ( {Here} 22.Kh1 $1 {is mandatory. Then} 22...Nhxf4 23.Bxf4 Nxf4 24.Qe3 Nd3 25.Rc4 Kb8 26.dxc5 Bxc5 27.Rxc5 Nxc5 28.Kg1 {would be approximately equal!} ) 22...Ndxf4+ 23.Bxf4 ( {White cannot retreat any more:} 23.Kh1 Nd3 24.Qg3 {because of the powerful} 24...Qe4 $1 ( {Worse is} 24...Nxc1 25.Rxc1 Qe4 26.Rc3 {when White can defend.} ) 25.dxc5 Nxc1 26.Bxc1 ( {The multiple pins decide the outcome of the game after} 26.Rxc1 $2 Bg4 27.Kg2 Rd3 ) 26...Bxc5 {and Black completely dominates.} ) 23...Nxf4+ 24.Kg1 $1 {This square is the right one now.} ( {White has no survival chances after} 24.Kh1 Nd3 25.Qe3 ( {Nothing changes} 25.Qg3 Nxc1 26.Rxc1 Rxd4 ) 25...Nxc1 26.Rxc1 Rxd4 {and White's king won't last for long.} ) 24...Bg4 {Continuing the light-squared strategy.} ( {White's idea is revealed in the line} 24...Nd3 25.Qg3 Nxc1 26.Rxc1 {when the d4-pawn survives.} ) ( {Therefore,} 24...Rxd4 $1 {is called for, with the main point} 25.Nd6+ Bxd6 26.exd6 Nh3+ 27.Kg2 Rg4+ 28.Kxh3 Qxd6 $3 {with an inevitable, decisive discovered check.} ( {Although the prosaic} 28...Re4+ 29.Kg3 Qxd6+ 30.Kf2 Rxe1 {should also suffice.} ) ) 25.Rc3 ( {After} 25.Ncd2 {Black has a pleasant choice of what to take. Multiple good options:} 25...Bxh5 $1 ( 25...Nd3 $1 26.Qg3 Nxc1 27.Rxc1 Bxh5 ) ( 25...Rxd4 $1 ) ) 25...Rxd4 26.Nd6+ $1 {Tari also opens his pieces. Things are heating up, but the lack of time will soon start to tell.} 26...Kb8 {In return, Firouzja keeps his bishop.} ( {There is also} 26...Bxd6 27.exd6 {when} 27...Nh3+ $1 {keeps strong initiative for Black.} ( {The check is better than the capture} 27...Qxd6 28.Qe3 ) ) 27.Qe3 Bg5 $1 {Loading a powerful discovered-check mechanism. This is why Black kept this bishop alive.} ( {After} 27...Bxh5 28.Kf2 Nh3+ 29.Kg3 Nf4 30.Kf2 {the white king finally escapes the risky zone.} ) 28.Rxc5 {The queen is deflected from the long diagonal, but...} ( 28.Kh1 $3 {is the only chance.} ) 28...Qxc5 {The other diagonal turns to be a great one too.} 29.Nxg5 {The culmination of the game. With seconds on the clock, Black has opted for the obvious check:} ( 29.Nxd4 {loses on the spot to} 29...Ne2+ ) 29...Ne2+ {And a draw. And what a pity!} ( {Firouzja did not have the time to spot the brilliancy} 29...Be2 $3 {In the main line of the combination, Black sacrifices both his light pieces:} 30.Rxf4 ( {Another brilliant line is} 30.Re1 Rd1 31.Qxc5 Rxe1+ 32.Kf2 Nd3+ {when ironically, the game is decided by the knight that is no longer dim!} ) ( 30.Rf2 {leads to mate:} 30...Rd1+ ) ( {Whereas if the rook goes too far:} 30.Rc1 Rd1+ 31.Kf2 Nd3+ {decides.} ) 30...Rd1+ 31.Kf2 Rf1+ 32.Kxe2 {And then the rook:} 32...Re1+ $1 {To regain everything back with huge interest:} 33.Kxe1 Qxe3+ ) ( {The machine also states that} 29...Qb6 $1 {is close to a win, but this is far more complicated and far less clear:} 30.Kh1 Bh3 31.Nxh3 Qc6+ 32.Qf3 {Now a beauty:} 32...Rd1 $3 {is answered by another beauty:} 33.Ne4 $1 Rxf1+ 34.Qxf1 Qxe4+ 35.Kg1 {and White has chances to survive.} ) 30.Kg2 {Draw agreed.} ( 30.Kg2 {One way to prove it is this line:} 30...Qc6+ 31.Nge4 Bf5 32.Qxe2 Bxe4+ 33.Qxe4 $3 {Why not!? Everybody sacrifices everything today!} 33...Rxe4 34.Rf8+ Kc7 35.Rc8+ Kd7 36.Rxc6 Re2+ 37.Kf3 Rxe5 38.Rc2 Kxd6 39.Kg4 {and the point should be split.} ) 1/2-1/2